[Event "Regionalliga SW 0001"]
[Site "Bayern"]
[Date "2001.03.11"]
[Round "7"]
[White "Mauss, Ernst"]
[Black "Litke, Eduard"]
[Result "0-1"]
[WhiteElo "1775"]
[BlackElo "1925"]
[PlyCount "76"]
[EventDate "2000.10.15"]
[EventType "team-tourn"]
[EventRounds "9"]
[EventCountry "GER"]
[SourceTitle "EXT 2020"]
[Source "ChessBase"]
[SourceDate "2019.10.17"]
[SourceVersion "1"]
[SourceVersionDate "2019.10.17"]
[SourceQuality "1"]
[WhiteTeam "Augsburg SG 1873"]
[BlackTeam "Muenchen 77 Nord"]
[WhiteTeamCountry "GER"]
[BlackTeamCountry "GER"]

1. e4 e5 2. Nf3 Nf6 3. Nxe5 d6 4. Nf3 Nxe4 5. Nc3 Nf6 6. d4 d5 7. Be2 Bd6 8. Bg5 c6 9. 0-0 h6 10. Bh4 Nbd7 11. Re1 0-0 12. Bd3 Qc7 13. Bg3 Bxg3 14. hxg3 Re8 15. Rxe8+ Nxe8 16. Qe2 Ndf6 17. Re1 Be6 18. Ne5 Qb6 19. Qd2 Nd6 20. Na4 Qc7 21. Nc5 Re8 22. Qf4 b6 23. Nxe6 Rxe6 24. Re3 c5 25. c3 cxd4 26. Qxd4 Nde4 27. f4 Qe7 28. Bc2 Qd6 29. Rd3 Nc5 30. Rd1 Qe7 31. Bf5 Rd6 32. c4 Nce4 33. Bxe4 Nxe4 34. cxd5 Nxg3 35. Qc4 Nh5 36. Qc8+ Rd8 37. Nc6 Qe3+ 38. Kh2 Rxc8 0-1